[Event "FRA-ch U14 Girls"]
[Site "Pau"]
[Date "2015.04.30"]
[Round "6"]
[White "Donias, Orlane"]
[Black "Toure, Shanti"]
[Result "0-1"]
[WhiteElo "1546"]
[BlackElo "1707"]
[PlyCount "89"]
[EventDate "2015.04.26"]
[EventType "swiss"]
[EventRounds "9"]
[EventCountry "FRA"]
[SourceTitle "CBM 166 Extra"]
[Source "ChessBase"]
[SourceDate "2015.06.18"]
[SourceVersion "1"]
[SourceVersionDate "2015.06.18"]
[SourceQuality "1"]

1. d4 d5 2. Nf3 Nf6 3. c4 e6 4. Bg5 Nbd7 5. e3 c6 6. Nc3 Be7 7. Bd3 dxc4 8. Bxc4 b5 9. Bd3 a6 10. 0-0 c5 11. a4 b4 12. Ne2 Bb7 13. Rc1 cxd4 14. Nexd4 0-0 15. Nc6 Bxc6 16. Rxc6 Nc5 17. Be2 Qxd1 18. Rxd1 Nxa4 19. Rxa6 Rxa6 20. Bxa6 Nxb2 21. Rb1 Na4 22. Nd4 Nc3 23. Rb3 Ra8 24. Bf1 Bc5 25. g3 Nfe4 26. Bf4 Ra2 27. Nb5 Nxb5 28. Bxb5 Nc3 29. Bc4 Ne2+ 30. Bxe2 Rxe2 31. Kf1 Ra2 32. Be5 Ra3 33. Rxa3 bxa3 34. Ke2 f6 35. Ba1 Bb4 36. Kd1 Kf7 37. f3 e5 38. Kc2 Bc5 39. e4 Bd4 40. Kb1 g5 41. Ka2 Bxa1 42. Kxa1 f5 43. Ka2 g4 44. Ka1 Kf6 45. exf5 0-1

[Event "FRA-ch U12 Girls"]
[Site "Saint Paul Trois Chateaux"]
[Date "2013.04.30"]
[Round "3"]
[White "Belluire, Beatrice"]
[Black "Donias, Orlane"]
[Result "1-0"]
[WhiteElo "1560"]
[BlackElo "1348"]
[PlyCount "160"]
[EventDate "2013.04.28"]
[EventType "swiss"]
[EventRounds "9"]
[EventCountry "FRA"]
[SourceTitle "CBM 154 Extra"]
[Source "ChessBase"]
[SourceDate "2013.06.25"]
[SourceVersion "2"]
[SourceVersionDate "2013.06.25"]
[SourceQuality "1"]

1. e4 e5 2. Bc4 Nf6 3. d3 Nc6 4. Nc3 Bb4 5. a3 Bxc3+ 6. bxc3 d6 7. Bg5 0-0 8. h3 Be6 9. Bb3 h6 10. Bh4 Qe7 11. Nf3 Rfe8 12. 0-0 Rad8 13. Qb1 Na5 14. Ba2 b6 15. Re1 Bxa2 16. Qxa2 Qe6 17. Qxe6 Rxe6 18. Re2 Rc8 19. Rae1 c5 20. d4 cxd4 21. cxd4 Rc3 22. Bxf6 gxf6 23. d5 Re8 24. Ra1 Rec8 25. Ra2 R8c4 26. Nh4 h5 27. Nf5 Nb7 28. Nh6+ Kf8 29. Nf5 Ra4 30. Ng3 h4 31. Nf5 Rcxa3 32. Rxa3 Rxa3 33. Nxh4 Ra2 34. Nf5 b5 35. f3 b4 36. Kf2 a5 37. h4 Ra1 38. Re1 Ra2 39. Re2 Ra1 40. Re1 Rxe1 41. Kxe1 Kg8 42. h5 Kh7 43. g4 Kg8 44. Ne7+ Kh7 45. Nf5 Kg8 46. Kd1 Kh7 47. Kc1 Kg8 48. Kb2 Kh7 49. Kb3 Kg8 50. Ka4 Kh7 51. Ne3 Nc5+ 52. Kxa5 b3 53. cxb3 Nxb3+ 54. Kb6 Nd4 55. Kc7 Nxf3 56. Nf5 Nh2 57. Kxd6 Nxg4 58. Kc7 Nf2 59. d6 Nxe4 60. d7 Ng5 61. Kd6 Ne6 62. Ke7 e4 63. Kxf7 Nd8+ 64. Kxf6 Nc6 65. Ke6 Nd8+ 66. Ke7 Nc6+ 67. Ke8 Kh8 68. Ne3 Kh7 69. Ng4 Kg7 70. h6+ Kh7 71. Nf6+ Kxh6 72. Nxe4 Kg6 73. Nd6 Kf6 74. Nf7 Ke6 75. Nd8+ Nxd8 76. Kxd8 Kd6 77. Kc8 Kc6 78. d8Q Kc5 79. Kd7 Kd5 80. Qg5+ Ke4 1-0